00835nas a2200241Ia 4500001001600000003001000016008004100026040002500067041001200092100002000104210003100124222003100155240005700186245005700243250001100300260000900311501012300320300001400443362004300457500005000500650002300550700002000573A06/R068-46278 IT-MiCISF161014c99999999xx |||||||||||| ||und|| aIT-MiCISFcIT-MiCISF aINGLESE aLindemann Hilde aThe Hastings Center Report aThe Hastings Center Report aEnding the Life of a Newborn. The Groningen Protocol 0aEnding the Life of a Newborn. The Groningen Protocol a1a ed. c2008 bCISF - Centro Internazionale Studi Famiglia - Via Giotto, 36 20145 MILANO (non commercial uses only)cCopyright 2016 app. 42-51 avol. 38, n. 1, gennaio-febbraio [2008] a Tema: bioetica, eutanasia, periodo-neonatale aBIOETICAvarticolo a Verkerk Marian